[Event "Perth Open 2019"]
[Site "Perth SCO"]
[Date "2019.02.10"]
[Round "4"]
[White "Macnaughton, Alistair"]
[Black "Rutherford, William"]
[Result "0-1"]
[WhiteElo "1810"]
[BlackElo "1961"]
[PlyCount "103"]
[EventDate "2019.02.08"]

1. e4 c6 2. d4 d5 3. exd5 cxd5 4. Bd3 Nc6 5. c3 g6 6. Nf3 Bg7 7. O-O Nh6 8. Re1
O-O 9. Bf4 f6 10. Qd2 Nf7 11. c4 dxc4 12. Bxc4 Kh8 13. Be6 Bxe6 14. Rxe6 Qd5
15. Re2 Rad8 16. Nc3 Qf5 17. d5 e5 18. Be3 b6 19. Rd1 Ne7 20. Qc2 Qxc2 21. Rxc2
Nd6 22. Kf1 Rc8 23. Rdc1 h6 24. Nd2 f5 25. f4 e4 26. Nb3 Bxc3 27. bxc3 Nxd5 28.
Bd4+ Kg8 29. a4 Nc4 30. Ra2 Nxf4 31. a5 Nd3 32. Rcc2 f4 33. Ke2 f3+ 34. gxf3
Rxf3 35. axb6 axb6 36. Ra7 Nf4+ 37. Ke1 Ne3 38. Bxe3 Rxe3+ 39. Kd2 Rd3+ 40. Ke1
Rdxc3 41. Rxc3 Rxc3 42. Nd4 e3 43. Ra1 Kf7 44. Rd1 e2 45. Rb1 Re3 46. Nc2 Rh3
47. Rxb6 Rxh2 48. Rb7+ Kf6 49. Rb6+ Kg5 50. Rb5+ Kh4 51. Rb4 g5 52. Kd2 0-1

[Event "Perth Open 2019"]
[Site "Perth SCO"]
[Date "2019.02.10"]
[Round "4"]
[White "Dawson, Alastair"]
[Black "Roberts, Paul"]
[Result "1/2-1/2"]
[WhiteElo "1792"]
[BlackElo "2142"]
[PlyCount "99"]
[EventDate "2019.02.08"]

1. Nf3 c5 2. c4 Nc6 3. g3 g6 4. Bg2 Bg7 5. O-O d6 6. Nc3 e5 7. a3 a5 8. e3 Nge7
9. d4 O-O 10. d5 Nb8 11. Rb1 h6 12. Bd2 f5 13. Ne2 Nd7 14. Ne1 g5 15. f4 Ng6
16. e4 Nb6 17. Qc2 exf4 18. gxf4 g4 19. Be3 Qe8 20. Bf2 fxe4 21. Bxe4 Nxf4 22.
Nxf4 Rxf4 23. Bd3 Nd7 24. Qe2 Qxe2 25. Bxe2 Ne5 26. Nd3 Nxd3 27. Bxd3 Bf5 28.
Bxf5 Rxf5 29. b4 axb4 30. axb4 b6 31. Rfe1 Be5 32. Bg3 Bxg3 33. hxg3 Rf6 34.
bxc5 bxc5 35. Rb7 Raf8 36. Rd7 h5 37. Kg2 R8f7 38. Rd8+ Kg7 39. Re2 Kg6 40.
Rg8+ Rg7 41. Rh8 Kg5 42. Re1 Rgg6 43. Rh1 Rh6 44. Rg8+ Rfg6 45. Rf8 h4 46.
gxh4+ Rxh4 47. Rhf1 Rgh6 48. R1f5+ Kg6 49. R8f6+ Kg7 50. Rf7+ 1/2-1/2

[Event "Perth Open 2019"]
[Site "Perth SCO"]
[Date "2019.02.10"]
[Round "4"]
[White "Chadha, Sambhav"]
[Black "Birkett, Richard"]
[Result "1/2-1/2"]
[WhiteElo "1635"]
[BlackElo "2025"]
[PlyCount "56"]
[EventDate "2019.02.08"]

1. e4 e5 2. Nf3 Nc6 3. Bc4 Nf6 4. d4 exd4 5. O-O d6 6. Nxd4 Be7 7. Nc3 O-O 8.
h3 Nxe4 9. Nxc6 bxc6 10. Nxe4 d5 11. Bd3 dxe4 12. Bxe4 Qe8 13. Qf3 Bd7 14. Re1
f5 15. Bd3 Qd8 16. Bf4 Bd6 17. Rad1 Qf6 18. Qg3 Rae8 19. Bc4+ Kh8 20. Rxe8 Rxe8
21. Bxd6 cxd6 22. Qxd6 Re1+ 23. Kh2 Rxd1 24. Qxd1 Qe7 25. Qd4 a5 26. Qb6 Qe5+
27. g3 f4 28. Qd8+ Be8 1/2-1/2

[Event "Perth Open 2019"]
[Site "Perth SCO"]
[Date "2019.02.10"]
[Round "4"]
[White "Campbell, Duncan A F"]
[Black "Jelfs, Alan"]
[Result "1-0"]
[WhiteElo "1924"]
[BlackElo "1852"]
[PlyCount "81"]
[EventDate "2019.02.08"]

1. e4 e5 2. f4 Bc5 3. Nf3 d6 4. d4 exd4 5. Nxd4 Nf6 6. Nc3 O-O 7. Be3 Re8 8.
Bd3 Bg4 9. Qd2 d5 10. e5 Nbd7 11. O-O Bxd4 12. Bxd4 c5 13. Bf2 d4 14. Nb5 Nd5
15. h3 Bh5 16. g4 g5 17. gxh5 gxf4 18. Kh2 Nxe5 19. Qe2 Nf6 20. Qd1 f3 21. Rg1+
Kh8 22. Qd2 Qb8 23. Bg3 Rg8 24. Qf4 Nxh5 25. Qxe5+ Qxe5 26. Bxe5+ f6 27. Nd6
Rg7 28. Rxg7 Kxg7 29. Rg1+ Kf8 30. Bxh7 Ke7 31. Nf5+ Ke6 32. Bxd4 Rh8 33. Ng7+
Nxg7 34. Rxg7 cxd4 35. Kg3 f5 36. Kxf3 Kf6 37. Rd7 Rc8 38. Rd5 Re8 39. Rxd4 Re7
40. Bg8 Kg5 41. Bc4 1-0

[Event "Perth Open 2019"]
[Site "Perth SCO"]
[Date "2019.02.10"]
[Round "4"]
[White "Ridge, Benjamin"]
[Black "Sanger, Jake M"]
[Result "1/2-1/2"]
[WhiteElo "1689"]
[BlackElo "1888"]
[PlyCount "39"]
[EventDate "2019.02.08"]

1. c4 e6 2. Nc3 d5 3. d4 Nf6 4. cxd5 exd5 5. Nf3 c6 6. Bg5 Be7 7. e3 h6 8. Bh4
O-O 9. Bd3 Ne4 10. Bxe7 Qxe7 11. Qc2 Nxc3 12. Qxc3 Re8 13. O-O Nd7 14. b4 Nf6
15. a3 Ne4 16. Qc2 f6 17. Nd2 Bf5 18. Nxe4 Bxe4 19. Bxe4 Qxe4 20. Qxe4 1/2-1/2

[Event "Perth Open 2019"]
[Site "Perth SCO"]
[Date "2019.02.10"]
[Round "4"]
[White "Paul, Rabindra"]
[Black "Carter, Richard"]
[Result "1-0"]
[WhiteElo "1841"]
[BlackElo "1829"]
[PlyCount "87"]
[EventDate "2019.02.08"]

1. Nf3 Nf6 2. d4 e6 3. c4 d5 4. Nc3 c6 5. cxd5 exd5 6. Bg5 Be7 7. Qc2 Nbd7 8.
e3 O-O 9. Bd3 Re8 10. O-O Nf8 11. Rab1 a6 12. b4 Ng6 13. a4 Ne4 14. Bxe7 Qxe7
15. Nd2 f5 16. Rfe1 Nh4 17. Nf1 Qg5 18. Ng3 Re6 19. Nce2 Rh6 20. Nf4 Bd7 21. b5
axb5 22. axb5 Qf6 23. f3 Nd6 24. bxc6 bxc6 25. Ra1 Rd8 26. Qf2 g5 27. Nfe2 f4
28. Nf1 fxe3 29. Nxe3 Ng6 30. Bxg6 Rxg6 31. Ng4 Bxg4 32. fxg4 Nc4 33. Ng3 Qxf2+
34. Kxf2 Rg7 35. Nf5 Rc7 36. Re6 c5 37. dxc5 Nd2 38. c6 Ne4+ 39. Ke3 Nc5 40.
Re7 d4+ 41. Kf3 Rdc8 42. Ra7 Rxa7 43. Rxa7 Kf8 44. Nxd4 1-0

[Event "Perth Open 2019"]
[Site "Perth SCO"]
[Date "2019.02.10"]
[Round "4"]
[White "Kane, Robert"]
[Black "Robertson, David A"]
[Result "1/2-1/2"]
[WhiteElo "1864"]
[BlackElo "1960"]
[PlyCount "29"]
[EventDate "2019.02.08"]

1. d4 Nf6 2. c4 e6 3. Nf3 Bb4+ 4. Bd2 a5 5. a3 Bxd2+ 6. Nbxd2 d6 7. e4 Nc6 8.
d5 Ne7 9. Be2 e5 10. c5 Ng6 11. cxd6 cxd6 12. g3 O-O 13. O-O Bg4 14. Rc1 Nd7
15. Kg2 1/2-1/2

[Event "Perth Open 2019"]
[Site "Perth SCO"]
[Date "2019.02.10"]
[Round "4"]
[White "Jennings, Richard"]
[Black "Parks, Joseph"]
[Result "0-1"]
[WhiteElo "1908"]
[BlackElo "1882"]
[PlyCount "70"]
[EventDate "2019.02.08"]

1. Nf3 d6 2. g3 e5 3. d3 Nf6 4. Nbd2 Be7 5. Bg2 Nbd7 6. a4 O-O 7. a5 c6 8. O-O
Qc7 9. e4 Rb8 10. Nh4 Re8 11. Nf5 Nf8 12. Nxe7+ Qxe7 13. h3 Be6 14. b3 N6d7 15.
Nc4 Bxc4 16. bxc4 Nc5 17. Re1 Qc7 18. Kh2 b5 19. axb6 Rxb6 20. f4 f6 21. Bd2
Rb7 22. Ra3 Reb8 23. Qa1 Nfe6 24. fxe5 dxe5 25. Be3 Rd8 26. Ra5 Qb6 27. Qa3 Rd4
28. Bxd4 Nxd4 29. Qxc5 Qb2 30. Rea1 Qxc2 31. R5a2 Nf3+ 32. Kh1 Rb1+ 33. Bf1 Rb2
34. Rxb2 Qxb2 35. Qxa7 Qh2# 0-1

[Event "Perth Open 2019"]
[Site "Perth SCO"]
[Date "2019.02.10"]
[Round "4"]
[White "Pasha, Tariq"]
[Black "Wynarczyk, Raymond"]
[Result "0-1"]
[WhiteElo "1861"]
[BlackElo "1904"]
[PlyCount "92"]
[EventDate "2019.02.08"]

1. d4 d5 2. c4 e6 3. Nf3 Nf6 4. Nc3 Bb4 5. e3 O-O 6. Bd3 a6 7. O-O dxc4 8. Bxc4
b5 9. Bd3 Bb7 10. a3 Be7 11. b4 Nbd7 12. e4 Re8 13. Re1 Nf8 14. Rb1 Ng6 15. Be3
Ng4 16. Bc1 Nf6 17. h3 Qd7 18. Be3 Rad8 19. Bc2 Qc8 20. Qe2 Qa8 21. Bc1 Nd7 22.
Bb3 Nf6 23. Bb2 Rd7 24. Rbd1 Red8 25. Qe3 Bc6 26. Ne5 Nxe5 27. dxe5 Rxd1 28.
Bxd1 Nxe4 29. Ne2 Nd2 30. Bd4 Nc4 31. Qg3 Be4 32. Bb3 Nd2 33. Ba2 Bd5 34. Bb1
Bc4 35. Qc3 Nxb1 36. Rxb1 Bxe2 37. Qxc7 Rxd4 38. Qxe7 Rd1+ 39. Rxd1 Bxd1 40.
Qd6 Bb3 41. f4 h5 42. Qe7 Bc2 43. Kh2 Be4 44. Qg5 g6 45. Qe7 Bxg2 46. f5 Bf1
0-1

[Event "Perth Open 2019"]
[Site "Perth SCO"]
[Date "2019.02.10"]
[Round "4"]
[White "Walkowiak, Adam"]
[Black "Will, Douglas"]
[Result "0-1"]
[WhiteElo "1721"]
[BlackElo "1886"]
[PlyCount "100"]
[EventDate "2019.02.08"]

1. d4 Nf6 2. c4 g6 3. Nc3 Bg7 4. e4 d6 5. Be2 O-O 6. Bg5 c5 7. d5 Qa5 8. Bd2
Qd8 9. h3 b5 10. cxb5 a6 11. Qc2 axb5 12. Bxb5 Ba6 13. Nge2 Qa5 14. a4 Nbd7 15.
O-O Ne5 16. Bxa6 Rxa6 17. Nb5 Qb6 18. Bc3 Rfa8 19. Bxe5 dxe5 20. Nec3 Ne8 21.
Kh1 Nd6 22. Rfd1 Bh6 23. Qe2 Bf4 24. g3 Bh6 25. Kg2 Bg7 26. g4 Bh6 27. h4 Bf4
28. g5 Qb8 29. b3 Kg7 30. Rab1 f6 31. gxf6+ Kxf6 32. Qg4 Qc8 33. f3 h5 34. Qxc8
Rxc8 35. Kf2 Nf7 36. Rb2 g5 37. hxg5+ Bxg5 38. Ne2 Rg8 39. Nc7 Ra7 40. Ne6 Bh4+
41. Ke3 Rg2 42. Nxc5 Bf2+ 43. Kd3 Bxc5 44. Rc2 Bb4 45. Rc6+ Bd6 46. f4 exf4 47.
Nxf4 Rg4 48. Ne6 Ne5+ 49. Ke3 Nxc6 50. dxc6 Kxe6 0-1

[Event "Perth Open 2019"]
[Site "Perth SCO"]
[Date "2019.02.10"]
[Round "4"]
[White "Dawson, Euan"]
[Black "Emery, Keith"]
[Result "1/2-1/2"]
[WhiteElo "1762"]
[BlackElo "1874"]
[PlyCount "74"]
[EventDate "2019.02.08"]

1. e4 Nf6 2. Nc3 d5 3. exd5 Nxd5 4. Nxd5 Qxd5 5. d4 c5 6. dxc5 Qxc5 7. c3 e6 8.
Be3 Qd6 9. Qc2 Nc6 10. Nf3 h6 11. Bd3 Bd7 12. O-O Qc7 13. Rad1 Bd6 14. Qd2 Ne5
15. Nxe5 Bxe5 16. f4 Bf6 17. Qe2 Be7 18. Kh1 Bc5 19. f5 O-O-O 20. Bf4 Bd6 21.
Bxd6 Qxd6 22. Be4 Qb6 23. Rd4 Bb5 24. Rxd8+ Rxd8 25. c4 exf5 26. Bxf5+ Bd7 27.
Be4 Be6 28. Rc1 Qd4 29. Bd5 Bxd5 30. cxd5+ Kb8 31. Qe7 Qb6 32. Qxf7 a6 33. h3
Qxb2 34. Qc7+ Ka7 35. Qxd8 Qxc1+ 36. Kh2 Qf4+ 37. Kh1 Qf1+ 1/2-1/2

[Event "Perth Open 2019"]
[Site "Perth SCO"]
[Date "2019.02.10"]
[Round "4"]
[White "Lawson, Robert"]
[Black "Ridge, Michael"]
[Result "1/2-1/2"]
[WhiteElo "1841"]
[BlackElo "1886"]
[PlyCount "44"]
[EventDate "2019.02.08"]

1. d4 Nf6 2. Nf3 g6 3. e3 Bg7 4. Be2 O-O 5. O-O d6 6. c4 Nbd7 7. Nc3 e5 8. dxe5
dxe5 9. e4 Re8 10. Qc2 c6 11. Rd1 Qc7 12. h3 Nf8 13. Be3 Ne6 14. b4 Nf4 15. Bf1
h6 16. c5 g5 17. Rd6 Nd7 18. Rad1 Bf8 19. R6d2 Nf6 20. Ne2 g4 21. hxg4 Bxg4 22.
Ng3 b6 1/2-1/2

[Event "Perth Open 2019"]
[Site "Perth SCO"]
[Date "2019.02.10"]
[Round "5"]
[White "Xian, Junhao"]
[Black "Olson, Hamish"]
[Result "1-0"]
[WhiteElo "1970"]
[BlackElo "2284"]
[PlyCount "95"]
[EventDate "2019.02.08"]

1. d4 d5 2. c4 e6 3. Nc3 Nf6 4. Bg5 Nbd7 5. e3 h6 6. Bh4 Be7 7. Nf3 O-O 8. Qc2
c5 9. a3 cxd4 10. exd4 dxc4 11. Bxc4 Nb6 12. Ba2 Bd7 13. Ne5 Re8 14. O-O Nh7
15. Nxf7 Kxf7 16. Bxe7 Qxe7 17. Qxh7 Qf6 18. Rad1 Qg6 19. Qxg6+ Kxg6 20. Rfe1
Rad8 21. h4 Kf7 22. Re5 Bc6 23. Rde1 Rxd4 24. Bxe6+ Rxe6 25. Rxe6 Rxh4 26. Re7+
Kf8 27. f3 g5 28. Kf2 Rd4 29. Rh7 Rd2+ 30. Re2 Rd6 31. Ne4 Rg6 32. Rd2 Nd5 33.
Rh8+ Ke7 34. Nc3 Nxc3 35. bxc3 g4 36. Rh7+ Ke8 37. Rd4 gxf3 38. gxf3 Rf6 39. f4
Rf5 40. Kg3 h5 41. Rg7 Ra5 42. Kh4 Rxa3 43. Kg5 Ra5+ 44. f5 Rd5 45. Kf6 a5 46.
Ke6 Kf8 47. f6 Rxd4 48. cxd4 1-0

[Event "Perth Open 2019"]
[Site "Perth SCO"]
[Date "2019.02.10"]
[Round "5"]
[White "Orr, Mark J L"]
[Black "Gray, Euan"]
[Result "1/2-1/2"]
[WhiteElo "2084"]
[BlackElo "2013"]
[PlyCount "109"]
[EventDate "2019.02.08"]

1. c4 e5 2. Nc3 Nc6 3. Nf3 Nf6 4. e3 Bb4 5. Qc2 a5 6. Nd5 Bc5 7. a3 d6 8. b3
O-O 9. Bb2 Re8 10. Be2 Bg4 11. Nxf6+ Qxf6 12. Nxe5 Nxe5 13. Bxg4 Nd3+ 14. Qxd3
Qxb2 15. O-O Qf6 16. Qf5 Qxf5 17. Bxf5 c6 18. d4 Bb6 19. b4 g6 20. Bc2 axb4 21.
axb4 Bc7 22. g3 Reb8 23. Be4 Bb6 24. Rfb1 Rxa1 25. Rxa1 f5 26. Bf3 Kf8 27. c5
Bc7 28. Ra7 Bd8 29. d5 dxc5 30. bxc5 cxd5 31. Bxd5 Be7 32. c6 bxc6 33. Bxc6 Rb3
34. h4 Ra3 35. Rb7 Rc3 36. Bd5 Rd3 37. Bf3 Rd6 38. Kg2 Re6 39. Bd5 Rd6 40. Bb3
h5 41. Kf3 Rd2 42. Be6 Rd6 43. Bxf5 gxf5 44. Rb5 Rf6 45. Kf4 Kf7 46. Rxf5 Ke6
47. Rxf6+ Bxf6 48. e4 Bd4 49. f3 Be5+ 50. Kg5 Bxg3 51. Kxh5 Ke5 52. Kg4 Bf4 53.
Kh5 Kf6 54. Kg4 Ke5 55. Kh5 1/2-1/2

[Event "Perth Open 2019"]
[Site "Perth SCO"]
[Date "2019.02.10"]
[Round "5"]
[White "Magnussen, Helge"]
[Black "Volland, Ben"]
[Result "1-0"]
[WhiteElo "2045"]
[BlackElo "1795"]
[PlyCount "147"]
[EventDate "2019.02.08"]

1. d4 d5 2. c4 dxc4 3. e3 e5 4. Bxc4 exd4 5. Nf3 Bb4+ 6. Bd2 Bxd2+ 7. Qxd2 Nc6
8. O-O Nf6 9. exd4 O-O 10. d5 Ne7 11. Nc3 a6 12. a4 Qd6 13. Qg5 h6 14. Qg3 Nf5
15. Qxd6 Nxd6 16. Bb3 Re8 17. Rfe1 Bf5 18. Nd4 Rxe1+ 19. Rxe1 Re8 20. Rxe8+
Nfxe8 21. Nxf5 Nxf5 22. f3 Kf8 23. Kf2 g5 24. g4 Nh4 25. Bc2 Nd6 26. Ne4 Ke7
27. Ke3 a5 28. Bd3 b6 29. b3 f5 30. Nxd6 Kxd6 31. Bxf5 Nxf5+ 32. gxf5 Kxd5 33.
f4 c6 34. Kf3 gxf4 35. Kxf4 b5 36. f6 Ke6 37. Ke4 Kxf6 38. Kd4 bxa4 39. bxa4
Ke6 40. Kc5 Kd7 41. Kb6 Kd6 42. Kxa5 Kc5 43. h3 h5 44. h4 Kd4 45. Kb6 c5 46. a5
c4 47. a6 c3 48. a7 c2 49. a8=Q c1=Q 50. Qh8+ Ke4 51. Qh7+ Kd4 52. Qg7+ Ke4 53.
Qg6+ Kd4 54. Qxh5 Qb2+ 55. Kc6 Qg2+ 56. Kd6 Qg3+ 57. Ke6 Qe3+ 58. Kf6 Qf4+ 59.
Kg7 Qc7+ 60. Kh6 Qf4+ 61. Qg5 Qd6+ 62. Kh7 Qe6 63. h5 Kc3 64. h6 Kd4 65. Qg7+
Kc5 66. Qf8+ Kb6 67. Qg8 Qd7+ 68. Qg7 Qc8 69. Qf6+ Ka5 70. Kg6 Qg8+ 71. Kf5
Qc8+ 72. Qe6 Qf8+ 73. Kg6 Qb8 74. Qa2+ 1-0

[Event "Perth Open 2019"]
[Site "Perth SCO"]
[Date "2019.02.10"]
[Round "5"]
[White "Hogg, Stephen William"]
[Black "Campbell, Duncan A F"]
[Result "1-0"]
[WhiteElo "2009"]
[BlackElo "1924"]
[PlyCount "109"]
[EventDate "2019.02.08"]

1. d4 e6 2. c4 f5 3. Nf3 Nf6 4. g3 d5 5. Bg2 c6 6. O-O Bd6 7. b3 Qe7 8. a4 O-O
9. Ba3 Bxa3 10. Nxa3 Bd7 11. Qc1 Be8 12. Qb2 Ne4 13. b4 f4 14. b5 fxg3 15. hxg3
Rf6 16. Nc2 Rh6 17. Ne5 Qg5 18. bxc6 Qh5 19. Nf3 Nxc6 20. Qxb7 Rb8 21. Qc7 Nd2
22. Rfe1 Nxc4 23. e4 Rb3 24. Qc8 Nb6 25. g4 Qg6 26. Qc7 Qxg4 27. Ne3 Qh5 28.
exd5 Nxd5 29. Nxd5 Rxf3 30. Ne7+ Nxe7 31. Qxe7 Rf8 32. Rxe6 Qh2+ 33. Kf1 Rxe6
34. Qxe6+ Bf7 35. Qc6 Qf4 36. d5 Qd4 37. Rc1 Kh8 38. Qc5 Qxc5 39. Rxc5 Rd8 40.
Ke2 Kg8 41. Ke3 Kf8 42. Kd4 Ke7 43. Ke5 h6 44. Bh3 Be8 45. Rc7+ Kf8 46. Rxa7
Rb8 47. Be6 Rb4 48. a5 Rb2 49. f4 Re2+ 50. Kd6 Re4 51. Ra8 h5 52. Bd7 h4 53.
Bxe8 Rxe8 54. Rxe8+ Kxe8 55. a6 1-0

[Event "Perth Open 2019"]
[Site "Perth SCO"]
[Date "2019.02.10"]
[Round "5"]
[White "Turner, Max N"]
[Black "Paul, Rabindra"]
[Result "1/2-1/2"]
[WhiteElo "1996"]
[BlackElo "1841"]
[PlyCount "83"]
[EventDate "2019.02.08"]

1. d4 Nf6 2. c4 e6 3. Nc3 Bb4 4. e3 b6 5. Nge2 Ne4 6. Qc2 f5 7. a3 Bxc3+ 8.
Nxc3 Bb7 9. b3 O-O 10. Bb2 d6 11. O-O-O Nxc3 12. Bxc3 Qe7 13. f3 Nd7 14. Bd3 g6
15. e4 fxe4 16. fxe4 e5 17. d5 Rf7 18. Rhf1 Raf8 19. Qe2 Rxf1 20. Rxf1 Rxf1+
21. Qxf1 Qh4 22. Qf3 Qxh2 23. Qg4 Qf4+ 24. Qxf4 exf4 25. b4 Ne5 26. Bxe5 dxe5
27. c5 Kf7 28. Be2 Bc8 29. Kd1 Ke7 30. Ke1 g5 31. Kf2 g4 32. g3 f3 33. Bb5 Bb7
34. Ba4 Ba6 35. Ke3 Bc4 36. Bc6 Kd8 37. Bb7 Bb5 38. c6 Ba4 39. Ba6 Bc2 40. Bf1
Bb1 41. Ba6 Bc2 42. Bf1 1/2-1/2

[Event "Perth Open 2019"]
[Site "Perth SCO"]
[Date "2019.02.10"]
[Round "5"]
[White "Birkett, Richard"]
[Black "Rutherford, William"]
[Result "1/2-1/2"]
[WhiteElo "2025"]
[BlackElo "1961"]
[PlyCount "162"]
[EventDate "2019.02.08"]

1. b3 e5 2. Bb2 d6 3. e3 Nf6 4. g3 Be7 5. Bg2 O-O 6. Ne2 Re8 7. O-O Nbd7 8. c4
Nf8 9. d4 Ng6 10. Qc2 c6 11. Nbc3 Bd7 12. Rad1 Qc8 13. Nc1 Bh3 14. f3 Bd8 15.
dxe5 dxe5 16. e4 Bb6+ 17. Kh1 Bxg2+ 18. Kxg2 Qe6 19. Na4 Bc7 20. Nc5 Qe7 21.
N5d3 Rad8 22. Bc3 Nh5 23. Qf2 Bb8 24. Rfe1 Nf6 25. Bb4 Qc7 26. Bc5 b6 27. Be3
Rd7 28. c5 b5 29. Nb4 Red8 30. Na6 Qc8 31. Rxd7 Rxd7 32. Nxb8 Qxb8 33. Qc2 Qd8
34. Kf2 Ne8 35. Ke2 Nc7 36. Rd1 Ne6 37. Rxd7 Qxd7 38. Qd3 Qxd3+ 39. Kxd3 Ne7
40. Kc3 Kf8 41. a4 bxa4 42. bxa4 Ke8 43. Nd3 f6 44. Nb2 Kd7 45. Nc4 Nc8 46. Kb4
Kc7 47. Nd6 Nxd6 48. cxd6+ Kxd6 49. Bxa7 Kc7 50. Be3 Kb7 51. f4 g6 52. f5 gxf5
53. exf5 Nc7 54. Kc5 Nd5 55. Bh6 Kc7 56. Bg7 e4 57. Kd4 e3 58. Kd3 c5 59. Bh6
e2 60. Kxe2 Nc3+ 61. Kd3 Nxa4 62. Bg7 Kd6 63. Bxf6 Nb6 64. Bb2 Kd5 65. g4 c4+
66. Ke3 Na4 67. Bg7 Nc5 68. g5 Ne4 69. h4 c3 70. Kd3 c2 71. Kxc2 Ng3 72. g6
hxg6 73. fxg6 Ke6 74. Bb2 Nh5 75. Kd2 Nf4 76. Ke3 Nxg6 77. h5 Kf7 78. Ke4 Ne7
79. Kf4 Kg8 80. Kg5 Kh7 81. Bc1 Ng8 1/2-1/2

[Event "Perth Open 2019"]
[Site "Perth SCO"]
[Date "2019.02.10"]
[Round "5"]
[White "Roberts, Paul"]
[Black "Babin, Andre"]
[Result "1-0"]
[WhiteElo "2142"]
[BlackElo "1844"]
[PlyCount "85"]
[EventDate "2019.02.08"]

1. e4 e6 2. d4 d5 3. Nc3 dxe4 4. Nxe4 Nf6 5. Nxf6+ gxf6 6. Nf3 b6 7. c3 Bb7 8.
Be3 Nd7 9. g3 Bg7 10. Bg2 O-O 11. Qd2 c5 12. O-O Rc8 13. Rad1 c4 14. Bh6 b5 15.
Rfe1 Nb6 16. Qf4 Kh8 17. Bxg7+ Kxg7 18. Qg4+ Kh8 19. Qh5 a6 20. Ng5 fxg5 21.
Bxb7 Rc7 22. Bg2 Na4 23. Re2 Nc5 24. Red2 Nd3 25. Be4 f6 26. Bxd3 cxd3 27. Rxd3
Kg7 28. d5 e5 29. d6 Rc6 30. d7 Rf7 31. Qf3 Rc7 32. Qf5 a5 33. Qe6 h5 34. f3
Rb7 35. Kg2 Rb8 36. Rd6 Rf8 37. R1d5 Rf7 38. Rxe5 Qh8 39. Rxg5+ fxg5 40. Qg6+
Kf8 41. d8=Q+ Rxd8 42. Rxd8+ Ke7 43. Qd6# 1-0

[Event "Perth Open 2019"]
[Site "Perth SCO"]
[Date "2019.02.10"]
[Round "5"]
[White "McQuillan, Stephen G"]
[Black "Macnaughton, Alistair"]
[Result "1/2-1/2"]
[WhiteElo "1984"]
[BlackElo "1810"]
[PlyCount "50"]
[EventDate "2019.02.08"]

1. d4 Nf6 2. Bf4 c5 3. d5 b5 4. Nc3 Qb6 5. e4 b4 6. Nb5 d6 7. e5 Ba6 8. c4 Bxb5
9. exf6 Bd7 10. fxe7 Bxe7 11. Bd3 O-O 12. Nf3 Re8 13. O-O Bg4 14. h3 Bxf3 15.
Qxf3 Nd7 16. Rae1 Bf6 17. Qh5 g6 18. Qg4 Ne5 19. Bxe5 Bxe5 20. f4 Bg7 21. f5
Qd8 22. fxg6 hxg6 23. b3 Rxe1 24. Rxe1 Qf6 25. Qe4 Qd4+ 1/2-1/2

[Event "Perth Open 2019"]
[Site "Perth SCO"]
[Date "2019.02.10"]
[Round "5"]
[White "Colston, Rob"]
[Black "Ridge, Benjamin"]
[Result "1-0"]
[WhiteElo "1915"]
[BlackElo "1689"]
[PlyCount "63"]
[EventDate "2019.02.08"]

1. e4 e6 2. d4 d5 3. Nd2 c5 4. exd5 Qxd5 5. Ngf3 Nc6 6. Bc4 Qd8 7. dxc5 Bxc5 8.
O-O Nf6 9. Qe2 O-O 10. c3 Qc7 11. Ne4 Ng4 12. Nxc5 Na5 13. b4 Nxc4 14. Qxc4 b6
15. Qxg4 bxc5 16. Qg3 Qe7 17. Bf4 cxb4 18. Bd6 Qf6 19. Bxf8 Kxf8 20. Qd6+ Kg8
21. Qc6 Bb7 22. Qxb7 Rf8 23. Qxb4 g5 24. Rfe1 h6 25. Rad1 Qg7 26. h3 Kh7 27.
Qe4+ f5 28. Qxe6 g4 29. Rd7 gxf3 30. Rxg7+ Kxg7 31. Qe7+ Rf7 32. Qxf7+ 1-0

[Event "Perth Open 2019"]
[Site "Perth SCO"]
[Date "2019.02.10"]
[Round "5"]
[White "Wynarczyk, Raymond"]
[Black "Chadha, Sambhav"]
[Result "1-0"]
[WhiteElo "1904"]
[BlackElo "1635"]
[PlyCount "69"]
[EventDate "2019.02.08"]

1. e4 c5 2. Nf3 d6 3. Bb5+ Bd7 4. c4 Nf6 5. Nc3 g6 6. d4 cxd4 7. Nxd4 Bg7 8.
Bg5 a6 9. Bxd7+ Nbxd7 10. O-O O-O 11. Qd2 Ne5 12. b3 Re8 13. Rad1 Qa5 14. Bxf6
exf6 15. Nd5 Qxd2 16. Rxd2 Nc6 17. Nxc6 bxc6 18. Nc7 Rac8 19. Nxe8 Rxe8 20.
Rxd6 Rxe4 21. Rxc6 f5 22. Rxa6 f4 23. Ra8+ Bf8 24. c5 Kg7 25. Rxf8 Kxf8 26. c6
Ke8 27. Rd1 Re7 28. b4 Re2 29. c7 Rc2 30. Rd8+ Ke7 31. c8=Q Rxa2 32. Qc7+ Kf6
33. Qxf4+ Kg7 34. Qe5+ Kh6 35. h4 1-0

[Event "Perth Open 2019"]
[Site "Perth SCO"]
[Date "2019.02.10"]
[Round "5"]
[White "Will, Douglas"]
[Black "James, Chris"]
[Result "1/2-1/2"]
[WhiteElo "1886"]
[BlackElo "1891"]
[PlyCount "57"]
[EventDate "2019.02.08"]

1. e4 e5 2. Nc3 Be7 3. Bc4 Nf6 4. d3 c6 5. Bb3 O-O 6. Nf3 d6 7. O-O Bg4 8. Ne2
Na6 9. Ng3 Nc5 10. h3 Nxb3 11. axb3 Bd7 12. Bg5 Ne8 13. Qd2 f5 14. Bxe7 Qxe7
15. Nxf5 Bxf5 16. exf5 Rxf5 17. Qe3 c5 18. Ra4 a6 19. b4 Rf4 20. Re1 Qd7 21. b3
Rxb4 22. Rxb4 cxb4 23. d4 exd4 24. Qxd4 Rc8 25. Ne5 Qe6 26. Nd3 Qf6 27. Qxb4 b5
28. Qg4 Rd8 29. Qe4 1/2-1/2

[Event "Perth Open 2019"]
[Site "Perth SCO"]
[Date "2019.02.10"]
[Round "5"]
[White "Sanger, Jake M"]
[Black "Dawson, Alastair"]
[Result "1/2-1/2"]
[WhiteElo "1888"]
[BlackElo "1792"]
[PlyCount "74"]
[EventDate "2019.02.08"]

1. d4 e6 2. e4 d5 3. Nd2 dxe4 4. Nxe4 Bd7 5. Nf3 Bc6 6. Bd3 Nd7 7. O-O Ngf6 8.
Nxf6+ Nxf6 9. c3 Be7 10. Ne5 Be4 11. Re1 Bxd3 12. Qxd3 c6 13. Bg5 O-O 14. Re3
Nd7 15. Rh3 f5 16. Nxd7 Qxd7 17. Bxe7 Qxe7 18. Re1 Rae8 19. Rhe3 Rf6 20. Re5
Kf7 21. h3 Qd7 22. Qc4 g5 23. Qe2 Kg6 24. Qe3 h6 25. c4 Rd8 26. Rxe6 Qxd4 27.
Rxf6+ Qxf6 28. Qe7 Qxe7 29. Rxe7 Rd1+ 30. Kh2 Rd2 31. Rxb7 Rxf2 32. Kg3 Rc2 33.
Rxa7 Rxb2 34. Ra6 Rc2 35. Rxc6+ Kh5 36. a4 Rc3+ 37. Kf2 Rc2+ 1/2-1/2

[Event "Perth Open 2019"]
[Site "Perth SCO"]
[Date "2019.02.10"]
[Round "5"]
[White "Parks, Joseph"]
[Black "Kane, Robert"]
[Result "1/2-1/2"]
[WhiteElo "1882"]
[BlackElo "1864"]
[PlyCount "38"]
[EventDate "2019.02.08"]

1. d4 d5 2. Nf3 e6 3. g3 f5 4. Bg2 Nf6 5. O-O Be7 6. Nbd2 O-O 7. Ne5 Bd7 8.
Ndf3 Be8 9. Nd3 Ne4 10. Nfe5 Nd7 11. f3 Nd6 12. Be3 Bf6 13. Qc1 Nc4 14. Nxc4
dxc4 15. Ne1 Nb6 16. c3 Bc6 17. Nc2 a5 18. Bd2 e5 19. dxe5 Bxe5 1/2-1/2

[Event "Perth Open 2019"]
[Site "Perth SCO"]
[Date "2019.02.10"]
[Round "5"]
[White "Robertson, David A"]
[Black "Carter, Richard"]
[Result "1/2-1/2"]
[WhiteElo "1960"]
[BlackElo "1829"]
[PlyCount "84"]
[EventDate "2019.02.08"]

1. d4 Nf6 2. c4 e6 3. Nc3 d5 4. cxd5 exd5 5. Bg5 c6 6. e3 Be7 7. Bd3 Nbd7 8.
Nge2 O-O 9. O-O Re8 10. f3 Nf8 11. Qd2 Be6 12. Rfe1 Rc8 13. Kh1 Ng6 14. Rad1
Qd7 15. e4 dxe4 16. fxe4 Ng4 17. Rf1 h6 18. Bxe7 Qxe7 19. h3 Nf6 20. Rf2 Rcd8
21. Rdf1 Nh7 22. Qc2 Nhf8 23. d5 cxd5 24. exd5 Bc8 25. Nd4 Ne5 26. Bf5 Bxf5 27.
Nxf5 Qc5 28. Qd2 Nfg6 29. Nxh6+ gxh6 30. Ne4 Qf8 31. Nf6+ Kg7 32. Rf5 Qh8 33.
Nxe8+ Rxe8 34. d6 Rd8 35. Qd5 Qe8 36. Re1 f6 37. Qxb7+ Rd7 38. Qd5 Rd8 39. Qb7+
Rd7 40. Qd5 Rd8 41. Qb7+ Rd7 42. Qd5 Rd8 1/2-1/2

[Event "Perth Open 2019"]
[Site "Perth SCO"]
[Date "2019.02.10"]
[Round "5"]
[White "Jelfs, Alan"]
[Black "Dawson, Euan"]
[Result "0-1"]
[WhiteElo "1852"]
[BlackElo "1762"]
[PlyCount "36"]
[EventDate "2019.02.08"]

1. d4 d5 2. c4 dxc4 3. Nf3 Nf6 4. Nc3 e6 5. e4 c5 6. Bg5 Be7 7. Bxc4 Nbd7 8.
dxc5 Nxc5 9. Bxf6 Bxf6 10. e5 Be7 11. b4 Nd7 12. Qb3 Qb6 13. a3 a5 14. O-O axb4
15. axb4 Rxa1 16. Rxa1 Qxb4 17. Ra8 O-O 18. Nb5 Nb6 0-1